Tô Hoài về tác gia và tác phẩm /
Tô Hoài - văn và đời; Trên hành trình sáu mươi năm; Viết cho thiếu nhi; Tô Hoài : Chuyện nghề.
Guardado en:
| Otros Autores: | , |
|---|---|
| Formato: | Libro |
| Lenguaje: | Vietnamese |
| Publicado: |
Hà Nội :
Giáo dục,
2000.
|
| Materias: | |
| Etiquetas: |
Agregar Etiqueta
Sin Etiquetas, Sea el primero en etiquetar este registro!
|
| Thư viện lưu trữ: | Mạng thư viện Đại học Đà Nẵng |
|---|
| LEADER | 01513cam a2200421 a 4500 | ||
|---|---|---|---|
| 001 | 000043926 | ||
| 003 | 2048 | ||
| 005 | 20060420105731.0 | ||
| 008 | 010217b2000 vm 000 vie | ||
| 020 | |c 51000 | ||
| 040 | |a LRC |c LRC |d LRC | ||
| 041 | 0 | |a vie | |
| 082 | 1 | 4 | |a 895.92334 |2 21 |b Tô-H |
| 245 | 0 | 0 | |a Tô Hoài về tác gia và tác phẩm / |c Phong Lê giới thiệu ; Vân Thanh tuyển chọn. |
| 260 | |a Hà Nội : |b Giáo dục, |c 2000. | ||
| 300 | |a 607 tr. : |b port. ; |c 24 cm. | ||
| 520 | 3 | |a Tô Hoài - văn và đời; Trên hành trình sáu mươi năm; Viết cho thiếu nhi; Tô Hoài : Chuyện nghề. | |
| 600 | 1 | 4 | |a Tô Hoài, |d 1920-. |
| 600 | 1 | 4 | |a Tô Hoài, |d 1920- |x Tác gia và tác phẩm. |
| 630 | 0 | 4 | |a Văn học. |
| 630 | 0 | 4 | |a Văn học Việt Nam hiện đại. |
| 630 | 0 | 4 | |a Tô Hoài. |
| 650 | 0 | 4 | |a Nhà văn |z Việt Nam |y Thế kỷ XX. |
| 650 | 0 | 4 | |a Tô Hoài, |d 1920-. |
| 700 | 1 | |a Phong Lê, |e giới thiệu. | |
| 700 | 1 | |a Vân Thanh, |e tuyển chọn. | |
| OWN | |a DUT | ||
| AVA | |a UDN50 |b DUT |c Book |d 895.92334 Tô-H |e available |t Error 5001 Not defined in file expand_doc_bib_avail. |f 1 |g 0 |h N |i 0 |j SH |k 1 | ||
| 999 | |a From the UDN01 | ||
| AVA | |a UDN50 |b DUT |c Book |d 895.92334 Tô-H |e available |t Error 5001 Not defined in file expand_doc_bib_avail. |f 1 |g 0 |h N |i 0 |j SH |k 1 | ||
| TYP | |a Monograph | ||
| TYP | |a Printed language | ||
| 980 | |a Mạng thư viện Đại học Đà Nẵng | ||